000 00457nmm a2200169Ia 4500
008 251105s9999||||xx |||||||||||||||||und||
020 _a9788499180137
041 _aspa
100 _aResino, Carmen
245 0 _aLa bóveda celeste
264 _a[Madrid, España] :
_bRoca Editorial,
_c2009
300 _a243 páginas
490 _aHistórica
650 _aHistorical fiction
856 _uhttps://public.digitaliapublishing.com/a/33332
942 _cCF
999 _c92416
_d92416